00983nam a2200265 a 450000100100000000500170001000800410002704000250006808200150009310000340010824501160014225000110025826000460026930000280031550000420034350400290038565000280041465000310044265000310047365000240050465000280052870000310055695201130058799900170070000002535120260115123655.0090831s1996 dr r 000 0 spa d aDO-SdBNPbspacBNPHU a170bM761m1 aMotalvo C. , Rafael V.91794113aEl ABC de la moral y cívica :bgente nueva para una patria nueva /cRafael V. Montalvo C. , Henry A. Rojas L. a2a ed. aSanto Domingo :bEditora Montalvo,c1996. a240 p. :bil. ;c21 cm. aIncluye notas al pie de las páginas aibliográfía : p. 239 0aEducación moral91607 0aEducación cívica91206 0aValores (Filosofía)9604 0aVida cristiana9668 0aValores sociales 910871 aRojas L. , Henry A.917942 0010718PDaPDbPDcHDd2011-02-15iLF1l0o170 M761mp25351-10r2020-06-25w2020-06-25yLFPDZNo se presta c24843d24843